| 000 | 00714cam a22002291 4500 | ||
|---|---|---|---|
| 001 | sa 68001283 | ||
| 003 | DLC | ||
| 005 | 20260227112432.0 | ||
| 008 | 710903s1959 ii a 000 0 eng | ||
| 010 | _asa 68001283 | ||
| 025 | _aPL480:I-E-6888 | ||
| 040 |
_aDLC _cDLC _dDLC |
||
| 043 | _aa-ii--- | ||
| 050 | 0 | 0 |
_aDS430 _b.I43 |
| 082 | 0 | 0 | _a306/.0954 |
| 110 | 2 | _aIndian Museum. | |
| 245 | 1 | 0 |
_aAnthropological gallery, Indian Museum, Calcutta; _ba short guide book. _cPrepared by officers of the Dept. of Anthropology, Govt. of India, Indian Museum, Calcutta. |
| 260 |
_aCalcutta, _c1959. |
||
| 300 |
_a63 p. _billus. _c21 cm. |
||
| 650 | 0 |
_aEthnology _zIndia. |
|
| 710 | 1 |
_aIndia. _bDepartment of Anthropology. |
|
| 999 |
_c77854 _d77854 |
||